000 00538nam a22001697a 4500
005 20170720150257.0
010 _aENG-119301
020 _a97893852288265
_c399.00
035 _aEN-102833
037 _bDBAD/PUB
082 0 0 _a954.09092
245 1 4 _aNehru,s India :
_bessays on the maker of Nation/
_cedited by Nayantara Sahgal
260 _aNew Delhi
_bSpeaking Tiger Publishing
_c2015
270 _a4381/4,Ansari Road,Daryaganj
_bNew Delhi
_e110002
300 _a192p.
_c22cm.(Hb)
942 _2ddc
_cEN
_h954.09092
_mNEH
999 _c142730
_d142730